000 00248nam a22001097a 4500
008 160518b xxu||||| |||| 00| 0 eng d
020 _a1566364783
041 _aeng
080 _a530.1
245 _aPhysicians' desk reference:
_cPDR
942 _2udc
_cBK
999 _c2173
_d2173